| 000 | nam a22 7a 4500 | ||
|---|---|---|---|
| 999 |
_c127579 _d127579 |
||
| 008 | 180302b xxu||||| |||| 00| 0 eng d | ||
| 020 | _a0818906421 | ||
| 050 | _aRG137.D86 1992 | ||
| 100 |
_aDunn, H. P. _940142 |
||
| 245 |
_aThe doctor and christian marriage _cH. P. Dunn, MD |
||
| 260 |
_aNew. york _bAlba House _c1992 |
||
| 300 |
_axiv,157p.; _c21cm. |
||
| 650 |
_aSex in marriage _940143 |
||
| 650 |
_aContraception _xReligious aspects _xChristianity _940144 |
||
| 650 |
_aHuman reproductive technology _xReligious aspects _xChristianity _940145 |
||
| 650 |
_aMarriage _xReligious aspects _xChristianity _94421 |
||
| 942 |
_2lcc _cMONOGRAPH |
||